Pokémon - La Huitième Génération - Statistiques

Statistiques générales
  • Ce quiz a été pris 17 fois
    16 depuis la dernière actualisation
  • Le résultat moyen est 15 sur 20
Statistiques - réponses
Question Réponse % Correct
ANIMÉ - Quel Pokémon Fossile Sacha obtient-il à Galar ?
100%
ANIMÉ - Quel Pokémon Shiny Goh parvient à capturer à Carmin Sur Mer ?
100%
ANIMÉ - Quel Pokémon Légendaire Goh n'a pas attrapé ?
100%
JEUX - Comment s'appelle le petit frère du président Shehroz ? Dhilan
100%
MANGA - Quelle est la profession de la famille d'Épée ? Forgeron
100%
JEUX - Qu'est-ce que Peterson en dehors de son activité de Champion d'Arène ? Musicien
100%
JEUX - Quel est le nom de la Team de Pokémon Épée & Bouclier ? Team Yell
100%
CARTES - Quelle est la particularité des cartes de l'extension "Célébrations" ? Toutes les cartes ont le logo Pikachu 25 ans
100%
JEUX - Qui est la personne nous donnant notre premier Pokémon ?
75%
ANIMÉ - Qui est l'adversaire de Sacha pour son combat de promotion vers le Rang Master ?
75%
CARTES - Combien y a-t-il de Pokémon Shiny dans l'extension "Clash des Rebelles" ? Deux
75%
MANGA - Quelle est la cause du comportement étrange d'Épée lors de la bataille contre Éthernatos Infinimax ? Il a été touché par le poison d'Éthernatos
75%
ANIMÉ - Qui sont les dresseurs s'affrontant en finale de l'avant-dernière édition du Tournoi du Couronnement Mondial ? Peter VS Tarak
75%
JEUX - Qui est le premier Champion d'Arène à utiliser le Gigamax ?
50%
CARTES - Quel est le Type le plus représenté dans l'extension "Styles de Combat" ?
50%
MANGA - Que se passe-t-il pour Bouclier après sa défaite contre Sally ? Elle est éliminée du Défi des Arènes
50%
MANGA - Qu'est-il arrivé à Bouclier lors de l'incident à la Forêt de Sleepwood ? Elle perd ses Pokémon
50%
CARTES - Quel qualificatif n'apparait pas sur les cartes de l'extension "Astres Radieux" ? MAX
50%
MANGA - Quel est le résultat du combat amical Épée VS Roy ? Victoire de Roy
50%
CARTES - Quel Pokémon ne se trouve pas sur la carte Zeraora V MAX de l'extension "Zénith Suprême" ?
25%
Aucun quiz correspondant
Distribution des résultats
% des personnes avec chaque résultat
Percentile par nombre de réponses
Votre historique - résultats
Vous n’avez pas pris ce quiz depuis la dernière actualisation